| 000 | 00739nam a22002057a 4500 | ||
|---|---|---|---|
| 005 | 20130925105350.0 | ||
| 008 | 130925b2008 ck ||||| |||| 00| 0 spa d | ||
| 020 | _a9789589872109 | ||
| 041 | _aspa | ||
| 044 | _ack | ||
| 082 |
_a574.5 _bP69p |
||
| 245 | 0 | 0 | _aPlan de Acción Regional en Biodiversidad del Sur de la Amazonía Colombiana |
| 260 |
_aBogotá _bCorpoamazonía _bInstituto Humboldt _bInstituto Sinchi _bUAESPNN _c2088 |
||
| 300 |
_a196 p. _bil., tablas _c28 cm. |
||
| 504 | _aIncluye referencias bibliográficas | ||
| 650 |
_aEcosistemas _zAmazonía (Colombia) _92137 |
||
| 650 |
_aProtección del medio ambiente _zAmazonía (Colombia) _92138 |
||
| 651 | 6 |
_aAmazonía (Colombia) _xAspectos ambientales _92139 |
|
| 942 |
_2ddc _cImpreso |
||
| 999 |
_c7679 _d7679 |
||